| 000 | 01257nam a2200265Ia 4500 | ||
|---|---|---|---|
| 999 |
_c50478 _d50478 |
||
| 001 | 17426 | ||
| 003 | GE_BSU | ||
| 005 | 20200213134316.0 | ||
| 008 | 181216s2012 xx |||||||||||||| ||rus|| | ||
| 020 | _a9785865476306 | ||
| 040 | _cGE_BSU | ||
| 041 | _arus | ||
| 080 | _a811.161.1 А-94 | ||
| 100 |
_aАфанасьева, Н. _97049 |
||
| 245 |
_aПраво : _bУчебное пособие по языку специальности / _cН. Афанасьева ; С. Захарченко ; Ред . О.С.Капполь. |
||
| 264 |
_aСанкт-Петербург : _bЗлатоуст, _c2012. |
||
| 300 |
_a144 стр.: _bил.; _c25 см. |
||
| 440 |
_aВыпуск : 8 Читаем тексты по специальности _97050 |
||
| 653 | _aОт производителя Учебное пособие предназначено для занятий по русскому языку в группах студентов-иностранцев, обучающихся на юридических факультетах | ||
| 653 | _aПраво | ||
| 653 | _aრუსული ენა | ||
| 700 |
_aЗахарченко, С. _97051 |
||
| 700 |
_aКапполь, О.С. _eრედაქტორი _97034 |
||
| 942 |
_cBK _2udc |
||